I tre esempi #2 - Statistics

Statistiche generali
  • Questo quiz è stato fatto 83 volte
  • Il punteggio medio è 16 su 20
Statistiche sulle risposte
3 esempi Soluzione % Corretto
Grizzly, polare, panda Orso
97%
Calzone, marinara, quattro stagioni Pizza
97%
Tennis, nuoto, tiro con l'arco Sport
97%
Maionese, senape, ketchup Salsa
96%
Torrente, ruscello, affluente Fiume
95%
Pitone, vipera, cobra Serpente
95%
Biplano, jet, bombardiere Aereo
93%
Campestre, a ostacoli, mezzofondo Corsa
92%
Chalet, palafitta, bungalow Casa
89%
Furgone, berlina, station wagon Automobile
85%
Dorica, ionica, corinzia Colonna
81%
Tablet, desktop, laptop Computer
81%
Cargo, chino, bermuda Pantaloni
81%
Bavette, conchiglie, farfalle Pasta
81%
Borlotto, cannellino, pinto Fagiolo
76%
Fortificato, normanno, medievale Castello
71%
Assoluta, costituzionale, parlamentare Monarchia
71%
Ignea, sedimentaria,metamorfica Roccia
71%
Renetta, Pink Lady, Fuji Mela
65%
Voyager, Pioneer, Mariner Sonda spaziale
31%
Nessun quiz corrispondente trovato
Distribuzione punteggi
Percentuale di utenti per punteggio
Percentile per numero di risposta
I tuoi punteggi nel tempo
Non hai fatto questo quiz